LDR 01087naa#a2200181#i#450# 001 RU\\bibl\120841 005 20260429231917.3 011 ## _a1994-5655 100 ## _a20260428b2026####ek#y0rusy0150####ca 101 0# _aENG 102 ## _aRU 200 1# _aОт Минска до Нанкина: сравнительное исследование памяти о Второй мировой войне в Беларуси и Китае _eЖурнальная статья 210 1# _aСыктывкар _cФГБУ ФИЦ «Коми научный центр Уральского отделения Российской академии наук» _d2026 215 ## _a5 с. 608 ## _aЖурнальная статья _2local 675 ## _aВсеобщая история. 94 _aИстория цивилизации. История культуры. 930.85 _aФундаментальные и общие проблемы математики. Основания математики, математическая логика и т.п.. 510 _zENG 700 #1 _aКан _gНань 856 4# _akomisc.editorum.ru _u